00352cam a22001097a 4500008004000000082001800040100002800058245007400086260003000160300001000190650004200200180718b1995 xxu||||| |||| 00| 0 eng d aA99 V669/Ad42 aAdhikari, Santosh Kumar aVidyasagar educator, reformer and humanistcby Santosh Kumar Adhikari aCalcuttabSahityikac1995 a152p. aVidyasagar, Iswar Chandra - Biography